000 01451nam a22002897a 4500
003 DO-SdBNP
005 20220224101448.0
008 210428b dr. 2021 00| 0 spa d
020 _a9789945168754
040 _aBPMSU
_bspa
_cBPMSU
082 _222
_a305.42
_bR763d
100 1 _aRomero, Santo
_d1969 -
245 _aLas damas y nuestro medio ambiente /
_cSanto Romero.
260 _aSanto Domingo :
_bBúho,
_c2017.
300 _a636 p. :
_bils. fotos;
_c22 cm.
500 _aIncluye datos bibliográfico del autor en la contra cubierta.
504 _aBibliográfica p. 625-626.
505 _aIntroducción -- Capítulo I. Mujer: hogar y sociedad -- Capítulo II. Medio ambiente -- Capítulo III. Curiosidades -- Capítulo IV. Tinta y papel (10) -- Capítulo V. América: antecedentes y evolución -- Capítulo VI. El correo: orígenes y evolución -- Capítulo VII. Aviación militar dominicana: orígenes y evolución -- Fotos y más -- Notas finales -- Conclusión -- Bibliografía.
590 _aInventariado,2021/ MC
650 4 _aMujeres
_xAspectos socioeconómicos
_zRepública Dominicana
650 4 _aMujeres
_xHistoria
_z República Dominicana
_3
_6
_8
_b
_c
_v
650 4 _aMujeres
_xCondiciones sociales
_zRepública Dominicana
650 4 _aMujeres y medio ambiente.
_xVida social y costumbres
_zRepública Dominicana
650 4 _a Mujeres
_xRelaciones interpersonales
910 _aMCabrera / VMateo
942 _2ddc
_cBK
999 _c13441
_d13441